=LDR 00000nam 2200000 4500 =001 INLIS000000001054013 =990 ##$$a 20403735 =005 20250528124715 =035 ##$$a 0010-0525000219 =245 1#$$a Beternak bebek pedaging tanpa mengganggu lingkungan, /$c Rahayubakti =100 #$$a Rahayubakti =300 ##$$a iv, 104 hlm : $b ilus ; $c 21 x 15 cm =260 ##$:$b Wanda Putra Persada,$c 2002 =082 ##$$a 028.5 =084 ##$$a 028.5 RAH b =020 ##$$a 979-9415-10-1